|
|
|
|
| LEADER |
00000nam a22000007a 4500 |
| 005 |
20110907101418.0 |
| 008 |
110907t2010 mx ||||s|||| 00| 0 spa d |
| 020 |
|
|
|a 978-607-440-130-1
|
| 035 |
|
|
|a 5070
|
| 040 |
|
|
|a vLex
|
| 090 |
|
|
|c 2400
|d 2400
|
| 100 |
1 |
|
|a Přez Chavez, Još
|
| 245 |
1 |
0 |
|a Sector primario. Rǧimen fiscal
|h [Recurso electrn̤ico] :
|b Agricultura, ganadera̕, silvicultura y pesca /
|c Jos ̌Přez Chavez; Raymundo Fol Olguin
|
| 256 |
|
|
|a Servicio en ln̕ea.
|
| 260 |
|
|
|a [Mx̌ico] :
|b Tax Editores,
|c 2010.
|
| 300 |
|
|
|a 1 recurso electrn̤ico
|
| 500 |
|
|
|a El sector primario, mismo que comprende la agricultura, ganadera̕, silvicultura y pesca, es una actividad econm̤ica de vital importancia en nuestro pas̕. La mayora̕ de las personas dedicadas a dichas actividades estǹ sujetas a un rǧimen fiscal preferencial denominado “rǧimen simplificado”, el cual se basa en el flujo de efectivo y tiene por objeto facilitar el cumplimiento de las obligaciones fiscales de los sectores primarios.
|
| 506 |
1 |
|
|a Contenido solo disponible en los productos indicados
|d vLex Global
|d vLex Global (Academic Edition, excluding Law Schools)
|d vLex Global (U.S. Academic Edition, Law Schools)
|d vLex Global (U.S. Academic Edition, excluding Law Schools)
|d vLex Global (Academic Edition, Law Schools)
|
| 650 |
0 |
4 |
|a Sector primario
|z Mx̌ico
|
| 700 |
1 |
|
|a Fol Olguin, Raymundo
|
| 740 |
0 |
|
|a vLex Libros (Servicio en ln̕ea)
|
| 856 |
4 |
0 |
|u http://vlex.com/source/sector-primario-regimen-fiscal-5070
|z Acceso restringido
|
| 942 |
|
|
|c BOOK
|